[Event "Norderstedt op"]
[Site "Norderstedt"]
[Date "2013.03.30"]
[Round "4"]
[White "Niazi, Dariyusch"]
[Black "Rogozenco, Teodora Nana"]
[Result "1/2-1/2"]
[WhiteElo "1782"]
[BlackElo "1747"]
[PlyCount "154"]
[EventDate "2013.03.28"]
[EventType "swiss"]
[EventRounds "9"]
[EventCountry "GER"]
[SourceTitle "EXT 2015"]
[Source "ChessBase"]
[SourceDate "2014.11.20"]
[SourceVersion "1"]
[SourceVersionDate "2014.11.20"]
[SourceQuality "1"]

1. d4 d6 2. e4 Nf6 3. Nc3 e5 4. Nf3 Nbd7 5. Bc4 Be7 6. 0-0 0-0 7. h3 c6 8. a4 a5 9. Bb3 h6 10. Re1 Re8 11. d5 Nh7 12. Be3 Ndf8 13. Qd2 Ng5 14. Nxg5 Bxg5 15. Bxg5 Qxg5 16. Qxg5 hxg5 17. dxc6 bxc6 18. Rad1 Rd8 19. Rd2 Ra7 20. Red1 Rad7 21. Bc4 Bb7 22. Be2 d5 23. exd5 cxd5 24. Bb5 Rd6 25. Ne4 Rg6 26. Nc5 Ba8 27. Nb3 g4 28. hxg4 Rxg4 29. Nxa5 Rd6 30. f3 Rg3 31. Nc4 Re6 32. Kf2 Rg5 33. Ne3 d4 34. Nf1 Reg6 35. g3 Rf6 36. Ke1 Bxf3 37. Be2 Bg2 38. a5 Rgf5 39. Nh2 Bh3 40. Bd3 e4 41. Bxe4 Re5 42. Re2 Rxa5 43. Rxd4 Rg5 44. g4 g6 45. Bg2 Ne6 46. Rde4 Bxg2 47. Rxg2 Ra5 48. Rf2 Ra1+ 49. Ke2 Rxf2+ 50. Kxf2 Ra2 51. Rb4 Kf8 52. Nf3 Ra5 53. Rb8+ Ke7 54. Rb7+ Kf6 55. Ke3 Ng5 56. Nxg5 Rxg5 57. Kf4 Rc5 58. c3 Rc4+ 59. Kf3 Ke6 60. Rb6+ Kd5 61. Rb5+ Ke6 62. Rb4 Rc5 63. Rd4 f6 64. Ke3 f5 65. gxf5+ gxf5 66. Kf4 Rc6 67. Ra4 Rb6 68. b4 Kd5 69. Kxf5 Kc4 70. Ra3 Rb5+ 71. Kf6 Rb6+ 72. Kf5 Rd6 73. Ke5 Rd8 74. Ra1 Kxc3 75. Rb1 Rb8 76. b5 Kc4 77. b6 Kc5 1/2-1/2